01326cam a2200337 a 4500001001000000003000900010005001700019007001000036008003400046020001500080040002600095082002700121100004400148240002200192245006500214260003300279300002100312490002600333534005900359590002600418650002000444650002400464700003300488700003400521910004000555942001200595952013200607952012300739952011100862999001500973000020093DO-SdBPM20250604111253.0000020093790517s2000 sp 000 d spa d a8481301671 a DO-SdBPMbspacBPMSU 4a832.62bG599f 19992221 aGoethe, Johann Wolfgang Von,d1749-1832 0aFaust.lEspañol10aFausto /cJohann W. Goethe ; traducción de Pedro Gálvez. aMadrid :b Milleniun, c1999 a478 p. ;c21 cm. aJoyas del milenio,v6 aTítulo original: FaustcBarcelona : Bibliotex, 2000. aInventariado, 2025/VM 4aTeatro alemán 4aLiteratura alemana 1 aGálvez, Pedro,etraductor 1 aTrías, Eugenio eprólogo  aVMateo V. Control de calidad. BPMSU 2ddccBK 00102ddc40708CGaBPMETbBPMETd2015-02-25eFUNDIl0oBPMSU CG 832.62 G599fa 1999pBPMSU15040172r2015-02-25w2015-02-25yBK 00102ddc40708CDaBPMETbBPMETd2015-02-25eFUNDIl0o832.6 G599fapBPMSU15040173r2015-02-25te. 2w2015-02-25yBK 00102ddc40708CDaBPMETbBPMETd2015-02-25eFUNDIl0o832.6 G599fapBPMSU15040174r2015-02-25te. 3yBK c7507d7507